[Event "Let's Play Chess!"]
[Site "http://www.queenalice.com/game.php?id=1186723"]
[Date "2013.6.1"]
[Round "-"]
[White "ghostwriter"]
[Black "adelio"]
[Result "1-0"]
[WhiteElo "1500"]
[BlackElo "1803"]

1. e4 e5 2. Nf3 f6 3. Nxe5 Qe7 4. Nf3 Qxe4+ 5. Be2 b6 6. O-O Qb7 7. d4 c6 8. Re1
Ne7 9. Bd3 Kd8 10. c4 d6 11. Nc3 g6 12. Ne4 Ng8 13. Bf4 d5 14. Nd6 Bxd6 15. Bxd6
Nd7 16. Qe2 Ne5 17. Nxe5 fxe5 18. Qxe5 Qf7 19. Bc7+ Kd7 20. Qd6# 1-0

[Event "OS INCLIVEIS"]
[Site "http://www.queenalice.com/game.php?id=1186750"]
[Date "2013.6.1"]
[Round "-"]
[White "adelio"]
[Black "ghostwriter"]
[Result "0-1"]
[WhiteElo "1732"]
[BlackElo "1852"]

1. d4 d5 2. e4 dxe4 3. Nc3 Nf6 4. f3 Nc6 5. Be3 Bf5 6. g4 Bg6 7. h4 h5 8. g5 Nd5
9. Qe2 Nxe3 10. Qxe3 Qxd4 11. Qxd4 Nxd4 12. Rc1 exf3 13. Rh3 Nxc2+ 14. Kf2 Nd4
15. Nxf3 Nxf3 16. Rxf3 O-O-O 17. Nb5 c6 18. Nxa7+ Kb8 19. Nxc6+ bxc6 20. Rxc6
Rd2+ 21. Kg3 Rxb2 22. Rfc3 e5 23. Rc8+ Kb7 24. a4 Bd6 25. Ba6+ Kxa6 26. R8c6+
Rb6 27. Rxb6+ Kxb6 28. Rb3+ Ka5 29. Rb7 e4+ 30. Kf2 Rb8 31. Rxb8 Bxb8 32. Ke2
Ba7 33. Kd2 Bf5 34. Ke2 e3 35. g6 f6 36. Ke1 Bd3 37. Kd1 Bd4 38. Kc1 Bc3 39. Kd1
e2+ 40. Kc1 e1=Q# 0-1

[Event "FINGER II"]
[Site "http://www.queenalice.com/game.php?id=1186825"]
[Date "2013.6.1"]
[Round "-"]
[White "rogeriooliveira"]
[Black "ghostwriter"]
[Result "1-0"]
[WhiteElo "1347"]
[BlackElo "1759"]

1. e4 e5 2. d4 exd4 3. Qxd4 Nc6 4. Qd5 Nf6 5. Qd3 d5 6. exd5 Ne5 7. Nc3 Nxd3+ 8.
cxd3 Nxd5 9. Nxd5 Qxd5 10. Nf3 Bb4+ 11. Bd2 Bxd2+ 12. Kxd2 Qa5+ 13. Ke2 O-O 14.
b3 Bg4 15. h3 Bxf3+ 16. gxf3 Qe5+ 17. Kd2 Qxa1 18. a4 Rfe8 19. Rg1 Re1 20. d4
1-0

[Event "FINGER X"]
[Site "http://www.queenalice.com/game.php?id=1186835"]
[Date "2013.6.1"]
[Round "-"]
[White "rogeriooliveira"]
[Black "ghostwriter"]
[Result "1-0"]
[WhiteElo "1377"]
[BlackElo "1759"]

1. e4 d6 2. d4 Nf6 3. e5 dxe5 4. dxe5 Qxd1+ 5. Kxd1 Nd5 6. Nc3 Nxc3+ 7. bxc3 Nc6
8. Nf3 g6 9. Be3 Bg7 10. Bb5 O-O 11. Bxc6 bxc6 12. Ke2 Ba6+ 13. Kd2 Rfd8+ 14.
Kc1 Rd5 15. Rd1 Be2 16. Re1 Bxf3 17. gxf3 Bxe5 18. Bd2 Rad8 19. Be3 1-0

[Event "AUTO-OPEN-3006"]
[Site "http://www.queenalice.com/game.php?id=1186863"]
[Date "2013.6.1"]
[Round "1"]
[White "fontaine"]
[Black "ghostwriter"]
[Result "1-0"]
[WhiteElo "2444"]
[BlackElo "1852"]

1. e4 c5 2. Nf3 d6 3. c3 Nc6 4. d4 Nf6 5. Be2 Nxe4 6. d5 Nxf2 7. Kxf2 Ne5 8.
Nxe5 dxe5 9. Na3 e6 10. Bb5+ Bd7 11. dxe6 fxe6 12. Qh5+ g6 13. Qxe5 Rg8 14.
Qxe6+ Be7 15. Qxg8+ Bf8 16. Re1+ Qe7 17. Rxe7+ Kxe7 18. Bg5+ Kd6 19. Nc4+ Kc7
20. Bf4+ Bd6 21. Bxd6# 1-0

[Event "AUTO-OPEN-3006"]
[Site "http://www.queenalice.com/game.php?id=1186864"]
[Date "2013.6.1"]
[Round "1"]
[White "ghostwriter"]
[Black "fontaine"]
[Result "0-1"]
[WhiteElo "1759"]
[BlackElo "2498"]

1. d4 d5 2. c4 c6 3. Nc3 Nf6 4. e3 e6 5. Nf3 Nbd7 6. cxd5 exd5 7. Bd3 Bd6 8. O-O
O-O 9. Re1 h6 10. e4 Nxe4 11. Nxe4 dxe4 12. Bxe4 Re8 13. Bd2 Nf6 14. Qc2 Nxe4
15. Rxe4 Rxe4 16. Qxe4 Be6 17. Re1 Bxa2 18. Bc3 a5 19. Qg4 Bd5 20. Nh4 Qf6 21.
Nf3 a4 22. Ne5 a3 23. bxa3 Rxa3 24. Bb2 Ra2 25. Rb1 h5 26. Qxh5 Be4 27. Ra1 Rxb2
28. Ra8+ Bf8 29. f3 Rb1+ 30. Kf2 Bf5 31. g4 Be6 32. g5 Qf4 33. Ra2 Bxa2 0-1

[Event "AUTO-OPEN-3006"]
[Site "http://www.queenalice.com/game.php?id=1186888"]
[Date "2013.6.1"]
[Round "1"]
[White "ghostwriter"]
[Black "barrai"]
[Result "1-0"]
[WhiteElo "1894"]
[BlackElo "2072"]

1. e4 c5 2. Nc3 Nc6 3. f4 a6 4. Nf3 d6 5. Bc4 e6 6. e5 d5 7. Be2 d4 8. Ne4 f5 9.
Nf2 Be7 10. O-O g5 11. fxg5 Bxg5 12. Nxg5 Ke7 13. Nd3 h6 14. Nh3 c4 15. Ndf4
Nxe5 16. Bxc4 Qe8 17. Qe2 Kd6 18. b3 b5 19. Ba3+ Kc6 20. Qxe5 Ne7 21. Be2 Nd5
22. Qd6+ Kb7 23. Nxd5 exd5 24. Qxd5+ Qc6 25. Bf3 Qxd5 26. Bxd5+ Ka7 27. Bc5+ Kb8
28. Bd6+ Ka7 29. Rae1 Rh7 30. Re8 1-0

[Event "AUTO-OPEN-3006"]
[Site "http://www.queenalice.com/game.php?id=1186889"]
[Date "2013.6.1"]
[Round "1"]
[White "barrai"]
[Black "ghostwriter"]
[Result "1-0"]
[WhiteElo "2035"]
[BlackElo "1872"]

1. e4 e5 2. Bc4 Nf6 3. d3 Bc5 4. a4 O-O 5. h3 b6 6. Nf3 c6 7. Nxe5 d5 8. Ba2 Re8
9. Bf4 Nbd7 10. Nxc6 Nxe4 11. dxe4 Qf6 12. Bxd5 Qxf4 13. O-O Bb7 14. c3 Ne5 15.
Nxe5 Bxd5 16. exd5 Rxe5 17. b4 Bd6 18. g3 Qc4 19. Na3 Qxc3 20. Qc2 Bxb4 21. Qxc3
Bxc3 22. Rad1 Rd8 23. Nb5 Bb4 24. d6 a6 25. Nc7 Bxd6 26. Nxa6 Re4 27. Rb1 Rxa4
28. Rxb6 Bf8 29. Nc7 Ra2 30. Kg2 Rdd2 31. Rb8 1-0

[Event "AUTO-OPEN-3006"]
[Site "http://www.queenalice.com/game.php?id=1186890"]
[Date "2013.6.1"]
[Round "1"]
[White "ghostwriter"]
[Black "princesher"]
[Result "1-0"]
[WhiteElo "1825"]
[BlackElo "1912"]

1. e4 e5 2. Nf3 d6 3. Bc4 Bg4 4. O-O Bxf3 5. Qxf3 Qf6 6. Qc3 a6 7. d3 c6 8. Be3
a5 9. Nd2 b5 10. f4 bxc4 11. fxe5 Qe6 12. Nxc4 dxe5 13. Nxe5 Bb4 14. Qd4 c5 15.
Qd5 Qxd5 16. exd5 f6 17. Nc4 a4 18. c3 Ba5 19. Bxc5 Kd8 20. Nxa5 Nd7 21. Nc6+
Kc7 22. Bb4 Ne7 23. Bxe7 Nb6 24. c4 Nc8 25. Rae1 Nb6 26. Bc5 Nd7 27. Re7 Rhg8
28. Rfe1 f5 29. R1e6 h5 30. Rxd7+ Kxd7 31. Re7+ Kc8 32. d6 Rd8 33. Rc7# 1-0

[Event "AUTO-OPEN-3006"]
[Site "http://www.queenalice.com/game.php?id=1186891"]
[Date "2013.6.1"]
[Round "1"]
[White "princesher"]
[Black "ghostwriter"]
[Result "1-0"]
[WhiteElo "1925"]
[BlackElo "1907"]

1. e4 c5 2. c4 d6 3. d3 Nf6 4. h3 Nc6 5. Nf3 e5 6. Bg5 Be7 7. Bxf6 Bxf6 8. Nc3
Nd4 9. Nxd4 exd4 10. Nd5 O-O 11. Be2 Qa5+ 12. Qd2 Qxd2+ 13. Kxd2 Bd8 14. h4 Re8
15. a3 Be6 16. f4 Rb8 17. f5 Bxd5 18. cxd5 Bf6 19. g4 Be5 20. a4 Bf4+ 21. Kc2 f6
22. Raf1 Be3 23. Rh2 c4 24. Rh3 cxd3+ 25. Bxd3 Rbc8+ 26. Kb3 a6 27. Rhh1 Kf7 28.
Rh2 h6 29. h5 Rc5 30. Rc2 Rec8 31. Rxc5 dxc5 32. Bc4 Re8 33. Bd3 Ke7 34. Kc4 Kd6
35. a5 1-0